000
00239nam a2200097Ia 4500
008
120527s9999 xx 000 0 und d
100
_a
OLAMIKOGE,O.A
245
_a
A case Studies in reader's services.
260
_b
Marvel Books
942
_c
BK
999
_c
23545
_d
23545